FIFA Member Codes - Statistics

General Stats
  • This quiz has been taken 21 times
  • The average score is 39 of 50
Answer Stats
Code Country % Correct
ALB Albania
100%
ATG Antigua and Barbuda
100%
ARM Armenia
100%
ARU Aruba
100%
AUS Australia
100%
AUT Austria
100%
AZE Azerbaijan
100%
BHR Bahrain
100%
BAN Bangladesh
100%
BRB Barbados
100%
BEL Belgium
100%
BEN Benin
100%
BHU Bhutan
100%
BOT Botswana
100%
BDI Burundi
100%
CAN Canada
100%
CAY Cayman Islands
100%
TPE Chinese Taipei
100%
CRO Croatia
100%
CUW Curaçao
100%
CYP Cyprus
100%
CZE Czech Republic
100%
DEN Denmark
100%
DMA Dominica
100%
ECU Ecuador
100%
ENG England
100%
EQG Equatorial Guinea
100%
ERI Eritrea
100%
SWZ Eswatini
100%
FRO Faroe Islands
100%
FIN Finland
100%
FRA France
100%
GAB Gabon
100%
GAM Gambia
100%
GER Germany
100%
GRN Grenada
100%
GUA Guatemala
100%
GUI Guinea
100%
GNB Guinea-Bissau
100%
GUY Guyana
100%
IND India
100%
IDN Indonesia
100%
IRN Iran
100%
IRQ Iraq
100%
IRL Ireland
100%
ITA Italy
100%
CIV Ivory Coast
100%
JAM Jamaica
100%
JOR Jordan
100%
KAZ Kazakhstan
100%
KUW Kuwait
100%
LVA Latvia
100%
LBN Lebanon
100%
LES Lesotho
100%
LBR Liberia
100%
LBY Libya
100%
LIE Liechtenstein
100%
LUX Luxembourg
100%
MAC Macau
100%
MLT Malta
100%
MTN Mauritania
100%
MEX Mexico
100%
MAR Morocco
100%
MOZ Mozambique
100%
NZL New Zealand
100%
NCA Nicaragua
100%
NGA Nigeria
100%
NOR Norway
100%
PAK Pakistan
100%
PAR Paraguay
100%
POL Poland
100%
POR Portugal
100%
RWA Rwanda
100%
VIN Saint Vincent and the Grenadines
100%
SEN Senegal
100%
SRB Serbia
100%
SEY Seychelles
100%
SIN Singapore
100%
SOM Somalia
100%
RSA South Africa
100%
ESP Spain
100%
SDN Sudan
100%
TAH Tahiti
100%
TJK Tajikistan
100%
TAN Tanzania
100%
TGA Tonga
100%
TRI Trinidad and Tobago
100%
UKR Ukraine
100%
UZB Uzbekistan
100%
VEN Venezuela
100%
VIE Vietnam
100%
ZAM Zambia
100%
ARG Argentina
67%
GUM Guam
50%
HUN Hungary
50%
MLI Mali
50%
MNE Montenegro
50%
NCL New Caledonia
50%
KSA Saudi Arabia
50%
THA Thailand
50%
AFG Afghanistan
0%
ALG Algeria
0%
ASA American Samoa
0%
AND Andorra
0%
ANG Angola
0%
AIA Anguilla
0%
BAH Bahamas
0%
BLR Belarus
0%
BLZ Belize
0%
BER Bermuda
0%
BOL Bolivia
0%
BIH Bosnia and Herzegovina
0%
BRA Brazil
0%
VGB British Virgin Islands
0%
BRU Brunei
0%
BUL Bulgaria
0%
BFA Burkina Faso
0%
CAM Cambodia
0%
CMR Cameroon
0%
CPV Cape Verde
0%
CTA Central African Republic
0%
CHA Chad
0%
CHI Chile
0%
CHN China
0%
COL Colombia
0%
COM Comoros
0%
COK Cook Islands
0%
CRC Costa Rica
0%
CUB Cuba
0%
COD Democratic Republic of the Congo
0%
DJI Djibouti
0%
DOM Dominican Republic
0%
TLS East Timor
0%
EGY Egypt
0%
SLV El Salvador
0%
EST Estonia
0%
ETH Ethiopia
0%
FIJ Fiji
0%
GEO Georgia
0%
GHA Ghana
0%
GIB Gibraltar
0%
GRE Greece
0%
HAI Haiti
0%
HON Honduras
0%
HKG Hong Kong
0%
ISL Iceland
0%
ISR Israel
0%
JPN Japan
0%
KEN Kenya
0%
KVX Kosovo
0%
KGZ Kyrgyzstan
0%
LAO Laos
0%
LTU Lithuania
0%
MAD Madagascar
0%
MWI Malawi
0%
MAS Malaysia
0%
MDV Maldives
0%
MRI Mauritius
0%
MDA Moldova
0%
MNG Mongolia
0%
MSR Montserrat
0%
MYA Myanmar
0%
NAM Namibia
0%
NEP Nepal
0%
NED Netherlands
0%
NIG Niger
0%
NIR Northern Ireland
0%
PRK North Korea
0%
MKD North Macedonia
0%
OMA Oman
0%
PLE Palestine
0%
PAN Panama
0%
PNG Papua New Guinea
0%
PER Peru
0%
PHI Philippines
0%
PUR Puerto Rico
0%
QAT Qatar
0%
CGO Republic of the Congo
0%
ROU Romania
0%
RUS Russia
0%
SKN Saint Kitts and Nevis
0%
LCA Saint Lucia
0%
SAM Samoa
0%
SMR San Marino
0%
STP São Tomé and Príncipe
0%
SCO Scotland
0%
SLE Sierra Leone
0%
SVK Slovakia
0%
SVN Slovenia
0%
SOL Solomon Islands
0%
KOR South Korea
0%
SSD South Sudan
0%
SRI Sri Lanka
0%
SUR Suriname
0%
SWE Sweden
0%
SUI Switzerland
0%
SYR Syria
0%
TOG Togo
0%
TUN Tunisia
0%
TUR Turkey
0%
TKM Turkmenistan
0%
TCA Turks and Caicos Islands
0%
UGA Uganda
0%
UAE United Arab Emirates
0%
USA United States
0%
URU Uruguay
0%
VIR U.S. Virgin Islands
0%
VAN Vanuatu
0%
WAL Wales
0%
YEM Yemen
0%
ZIM Zimbabwe
0%
No matching quizzes found
Score Distribution
Percent of People with Each Score
Percentile by Number Answered
Your Score History
You have not taken this quiz